000 00808nam a2200205 a 4500
003 0
005 20250625094004.0
008 970114s19uu xx 00 eng d
050 _aPGS GV 1469.34.C57
_b.P649 2003
100 _aPineda, Christian John V.
245 _aVideo game practices among grade six male students of Southville International School (SY 2002-2003) /
_cChristian John V. Pineda.
260 _aLas PiƱas City, Philippines :
_bSouthville International School and Colleges,
_c2003.
300 _a27 pages :
_billustrations ;
_c28 cm.
504 _aIncludes bibliographical references.
650 _aVideo games
_vPsychological aspects.
650 _aVideo games and children.
650 _aVideo games
_vSocial aspects.
650 _aVideo games
_vHealth aspects.
942 _2lcc
_cPASS
999 _c96912
_d96912